Представление документа в формате RUSMARC

ПолеНазваниеЗначение
  Тип записи a
  Библиографический уровень a
001 Контрольный номер RU/CBS_UL/BASE/565963130
005 Дата корректировки 20240209175219.4
100 Данные общей обработки __
a Данные общей обработки 20171207d2017 ||| 0rusy0189 ca
101 Язык документа 0_
a Язык текста rus
102 Страна публикации __
a Страна публикации RU
105 Кодированные данные (монография) __
a Кодированные данные (монография) y###||||000|y
200 Заглавие и сведения об ответственности 1_
a Заглавие День святого Валентина с Ургантом
b Общее обозначение материала Текст
e Сведения, относящиеся к заглавию [конкурсно-игровая программа для молодёжи]
f Первые сведения об ответственности Н. Санников
300 Общие примечания __
a Общие примечания Ограничения по возрасту - 16+
461 Уровень набора _0
1 2000
a Чем развлечь гостей
463 Уровень физической единицы _0
1 001RU/CBS_UL/BASE/565706746
1 2000
a № 11
v С. 33-41
1 210
d 2017
606 Тематические рубрики 0_
a Основная рубрика День Святого Валентина - Сценарии
610 Ключевые слова 0_
a Ключевые слова День Святого Валентина (сценарии)
a Ключевые слова любовь (сценарии)
a Ключевые слова конкурсно-игровые программы для молодёжи
686 Индексы других классификаций __
a Классификационный индекс 85.34
2 Код системы ББК
700 Автор _1
a Фамилия Санников
b Имя (инициалы) Н.
801 Источник записи _0
a Страна RU
b Организация МБУК ЦБС г. Ульяновска
c Дата составления 20171207
g Правила каталогизации RCR
801 Источник записи _1
a Страна RU
b Организация МБУК ЦБС г. Ульяновска
c Дата составления 20171207
g Правила каталогизации RCR
901 Тип документа __
t Тип документа b
w Контрольный № источника RU/CBS_UL/BASE/565706746
910 Корректоры записи __
a Корректор записи Библиотека 28
938 Служебная информация __
a Имя БД period